000 01075cam a22002771i 4500
003 SA-RiAUC
005 20241006140531.0
008 241002s1985 ti f b 000 0 ara c
040 _aTN-TuLPG
_bara
_cSA-RiAUC
_erda
050 4 _b.I37 1985
082 0 4 _a001.42
_qSA-RiAUC
090 _a001.42
_b ا د ر
100 1 _aإدريس، علي
_4070
_eمؤلف.
245 1 0 _aمدخل إلى مناهج البحث العلمي لكتابة الرسائل الجامعية /
_cعلي إدريس.
264 1 _aتونس ؛
_aطرابلس، ليبيا :
_bالدار العربية للكتاب،
_c1985
300 _a214 صفحة ؛
_c22 سم
336 _aنص
_btxt
_2rdacontent
_3كتاب
337 _aبدون وسيط
_bn
_2rdamedia
338 _aمجلد
_bnc
_2rdacarrier
504 _aببليوجرافية : صفحة 209-212.
650 7 _aطرق البحث
_2aucsh
650 7 _aكتابة الرسائل
_2aucsh
650 7 _aالرسائل الجامعية
_xمناهج بحث
_2aucsh
942 _2ddc
_cBOOK
_n0
949 _aSA-JeALM
_d241002
_umohamedma123
_n1
999 _c941
_d941